000
00299nam a22001337a 4500
008
170315b xxu||||| |||| 00| 0 eng d
020
_a
9780553343656
041
_a
eng
080
_a
611
100
_a
7
101
_a
SHM
245
_a
NORMAN COUSINS ANATOMY OF AN ILLNES
_c
DUBOS.R
942
_2
udc
_c
BK
999
_c
7842
_d
7842